Statistics for Chelsea - Ajax Champions League 2019-20

Click here to take the quiz!

General Stats

  • This quiz has been taken 134 times
  • The average score is 18 of 29

Answer Stats

Player% Correct
Kepa Arrizabalaga
95%
Hakim Ziyech
86%
André Onana
82%
Mason Mount
81%
César Azpilicueta ¹
80%
Reece James ¹
80%
Dušan Tadić
76%
Jorginho ²
76%
Marcos Alonso
76%
Tammy Abraham
76%
Donny van de Beek ¹
71%
Frank Lampard
70%
Kurt Zouma
70%
Mateo Kovačić
70%
Daley Blind
68%
David Neres
65%
Christian Pulisic
63%
Nicolás Tagliafico
63%
Callum Hudson-Odoi
55%
Erik Ten Hag
55%
Willian
54%
Quincy Promes ¹
53%
Joël Veltman
48%
Noussair Mazraoui
48%
Fikayo Tomori
44%
Lisandro Martínez
44%
Edson Álvarez
41%
Michy Batshuayi
28%
Perr Schuurs
21%

Score Distribution

Percentile by Number Answered

Percent of People with Each Score

Your Score History

You have not taken this quiz